90 лет высшему геологическому образованию в Сибири и на Дальнем Востоке; 90 лет высшему геологическому образованию в Сибири и на Дальнем Востоке

Dettagli Bibliografici
Parent link:90 лет высшему геологическому образованию в Сибири и на Дальнем Востоке.— 1991.— С. 109-127
Autore principale: Шварцев С. Л. Степан Львович
Lingua:russo
Pubblicazione: 1991
Soggetti:
Natura: MixedMaterials Capitolo di libro
KOHA link:https://koha.lib.tpu.ru/cgi-bin/koha/opac-detail.pl?biblionumber=151270

MARC

LEADER 00000naa2a2200000 4500
001 151270
005 20231031150606.0
035 |a (RuTPU)RU\TPU\book\164011 
090 |a 151270 
100 |a 20090121d1991 k y0rusy50 ca 
101 0 |a rus 
102 |a RU 
200 1 |a 90 лет высшему геологическому образованию в Сибири и на Дальнем Востоке  |f С. Л. Шварцев 
320 |a Библиогр.: с. 127 (4 назв.) 
463 0 |0 (RuTPU)RU\TPU\book\150008  |t 90 лет высшему геологическому образованию в Сибири и на Дальнем Востоке  |o материалы к конференции, посвященной 90-летию начала подготовки геологических кадров в Сибири  |o сборник  |f Томский политехнический институт (ТПИ) ; отв. ред. С. Л. Шварцев  |v С. 109-127  |d 1991  |p 180 с. 
610 1 |a труды учёных ТПУ 
700 1 |a Шварцев  |b С. Л.  |c российский гидрогеолог, доктор геолого-минералогических наук  |c профессор Томского политехнического университета, академик РАЕН  |f 1936-  |g Степан Львович  |2 stltpush  |3 (RuTPU)RU\TPU\pers\25914 
801 1 |a RU  |b 63413507  |c 20090121  |g PSBO 
801 2 |a RU  |b 63413507  |c 20100519  |g PSBO 
942 |c BK